[Event "Llucmajor op 8th"]
[Site "Llucmajor"]
[Date "2019.05.25"]
[Round "8"]
[White "Fier, Alexandr"]
[Black "Gritsak, Orest"]
[Result "1-0"]
[WhiteElo "2555"]
[BlackElo "2468"]
[PlyCount "89"]
[EventDate "2019.05.19"]
[EventType "swiss"]
[EventRounds "9"]
[EventCountry "ESP"]
[SourceTitle "CBM 190 Extra"]
[Source "ChessBase"]
[SourceDate "2019.07.15"]
[SourceVersion "1"]
[SourceVersionDate "2019.07.15"]
[SourceQuality "1"]

1. c4 c5 2. Nf3 Nf6 3. Nc3 e6 4. e3 a6 5. d4 d5 6. cxd5 exd5 7. g3 Bg4 8. Bg2 cxd4 9. exd4 Be7 10. 0-0 0-0 11. h3 Bf5 12. Ne5 Nc6 13. g4 Be6 14. f4 Qb6 15. Kh1 Rad8 16. Nxc6 Qxc6 17. f5 Bc8 18. Bf4 Bb4 19. Rc1 Bxc3 20. Rxc3 Qb5 21. Be5 Ne4 22. Bxe4 dxe4 23. f6 Qxb2 24. Rc2 Qa3 25. Qe1 Rfe8 26. Rc3 Qa5 27. Qc1 e3 28. Qxe3 Qd5+ 29. Kg1 gxf6 30. Rxf6 Rxe5 31. dxe5 Be6 32. Rf2 Qd1+ 33. Kh2 Qd4 34. Qg5+ Kf8 35. Rcf3 Rd5 36. Re3 b5 37. Kg3 b4 38. Kh4 Rc5 39. Rf4 Qd2 40. Ree4 Rd5 41. Kh5 a5 42. Kh6 Rd3 43. h4 Bxa2 44. e6 Bxe6 45. Rxe6 1-0

[Event "Vaxjo op"]
[Site "Vaxjo"]
[Date "2019.02.08"]
[Round "1"]
[White "Ostlund, Joar"]
[Black "Gritsak, Orest"]
[Result "0-1"]
[WhiteElo "1897"]
[BlackElo "2466"]
[PlyCount "74"]
[EventDate "2019.02.08"]
[EventType "swiss"]
[EventRounds "8"]
[EventCountry "SWE"]
[SourceTitle "CBM 188 Extra"]
[Source "ChessBase"]
[SourceDate "2019.02.26"]
[SourceVersion "1"]
[SourceVersionDate "2019.02.26"]
[SourceQuality "1"]

1. e4 c5 2. Nf3 e6 3. d4 cxd4 4. Nxd4 a6 5. Nc3 Nc6 6. Bc4 Qc7 7. Nxc6 dxc6 8. 0-0 b5 9. Bd3 Nf6 10. f4 e5 11. fxe5 Ng4 12. Qe1 Nxe5 13. Bf4 Bd6 14. Qg3 0-0 15. Rad1 f6 16. Kh1 Be6 17. Ne2 c5 18. Nc3 Kh8 19. Bxb5 Rfb8 20. Ba4 Rxb2 21. Bb3 c4 22. Na4 cxb3 23. Nxb2 bxc2 24. Rde1 Rc8 25. Bc1 Bxa2 26. Qh4 Ng6 27. Qh5 Bf7 28. Qf3 Bxh2 29. Nd3 Bd6 30. Nf4 Nxf4 31. Bxf4 Bxf4 32. Qxf4 Qxf4 33. Rxf4 c1Q 34. Rxc1 Rxc1+ 35. Kh2 Rc4 36. Kg3 h6 37. Kg4 Bg6 0-1

[Event "Szczawno Zdroj-A"]
[Site "Szczawno Zdroj"]
[Date "2018.12.19"]
[Round "7"]
[White "Bailet, Pierre"]
[Black "Gritsak, Orest"]
[Result "1/2-1/2"]
[WhiteElo "2491"]
[BlackElo "2467"]
[PlyCount "61"]
[EventDate "2018.12.14"]
[EventType "tourn"]
[EventRounds "9"]
[EventCountry "POL"]
[EventCategory "9"]
[SourceTitle "CBM 187 Extra"]
[Source "ChessBase"]
[SourceDate "2018.11.04"]
[SourceVersion "1"]
[SourceVersionDate "2018.11.04"]
[SourceQuality "1"]

1. e4 c5 2. Nc3 e6 3. Nge2 Nc6 4. d4 cxd4 5. Nxd4 d6 6. Be3 Nf6 7. Be2 Be7 8. 0-0 0-0 9. f4 e5 10. Nb3 a5 11. a4 Nb4 12. Bf3 Be6 13. Rf2 exf4 14. Bxf4 Bxb3 15. cxb3 Qb6 16. Qd2 Nd7 17. Be3 Nc5 18. Be2 Nxb3 19. Bxb6 Nxd2 20. Rd1 Nb3 21. Bc4 Nc5 22. Bxc5 dxc5 23. Rd7 Bf6 24. e5 Bxe5 25. Rdxf7 Rxf7 26. Rxf7 Kh8 27. Rxb7 Rf8 28. g3 Nc2 29. Nd5 Rb8 30. Re7 Bxb2 31. Ra7 1/2-1/2

[Event "Szczawno Zdroj-A"]
[Site "Szczawno Zdroj"]
[Date "2018.12.15"]
[Round "2"]
[White "Gritsak, Orest"]
[Black "Delorme, Axel"]
[Result "1/2-1/2"]
[WhiteElo "2467"]
[BlackElo "2510"]
[PlyCount "23"]
[EventDate "2018.12.14"]
[EventType "tourn"]
[EventRounds "9"]
[EventCountry "POL"]
[EventCategory "9"]
[SourceTitle "CBM 187 Extra"]
[Source "ChessBase"]
[SourceDate "2018.11.04"]
[SourceVersion "1"]
[SourceVersionDate "2018.11.04"]
[SourceQuality "1"]

1. d4 Nf6 2. c4 e6 3. Nc3 d5 4. Bg5 Be7 5. e3 0-0 6. Nf3 h6 7. Bh4 b6 8. Be2 Bb7 9. Bxf6 Bxf6 10. cxd5 exd5 11. b4 c6 12. 0-0 1/2-1/2

[Event "Heusenstamm Sparkassen op-A 5th"]
[Site "Heusenstamm"]
[Date "2018.11.25"]
[Round "6"]
[White "Gritsak, Orest"]
[Black "Enchev, Ivajlo"]
[Result "1-0"]
[WhiteElo "2457"]
[BlackElo "2496"]
[PlyCount "103"]
[EventDate "2018.11.22"]
[EventType "swiss"]
[EventRounds "7"]
[EventCountry "GER"]
[SourceTitle "CBM 188 Extra"]
[Source "ChessBase"]
[SourceDate "2019.02.26"]
[SourceVersion "1"]
[SourceVersionDate "2019.02.26"]
[SourceQuality "1"]

1. c4 e6 2. Nf3 d5 3. e3 Nf6 4. b3 a6 5. Bb2 c5 6. a3 Nc6 7. cxd5 exd5 8. d4 Bg4 9. Be2 Bd6 10. dxc5 Bxc5 11. 0-0 0-0 12. Nc3 Ba7 13. b4 Qd6 14. h3 Bxf3 15. Bxf3 Rad8 16. Ne2 Ne5 17. Ng3 Bb8 18. Re1 Nc4 19. Bd4 Rfe8 20. Re2 Ne4 21. Nf1 Re6 22. Rc2 b5 23. g3 Rg6 24. Bg2 Qe6 25. a4 Bd6 26. axb5 axb5 27. Rca2 h6 28. Ra8 Rxa8 29. Rxa8+ Kh7 30. h4 Qf5 31. Qf3 Qd7 32. Ra7 Bc7 33. Qh5 Rc6 34. Bxe4+ dxe4 35. Qxb5 Nd2 36. Nxd2 Rc1+ 37. Qf1 Qc6 38. b5 Qc2 39. Qxc1 Qxc1+ 40. Nf1 f6 41. Bxf6 gxf6 42. b6 Kg6 43. Rxc7 Qb1 44. b7 Kh5 45. Rg7 f5 46. Kg2 Qb2 47. Rf7 Kg6 48. Rd7 Kh5 49. Nd2 Kg4 50. Nc4 Qb1 51. Ne5+ Kh5 52. Rf7 1-0

[Event "Aarhus Festuge"]
[Site "Aarhus"]
[Date "2018.09.14"]
[Round "7"]
[White "Olsen, Filip Boe"]
[Black "Gritsak, Orest"]
[Result "1/2-1/2"]
[WhiteElo "2354"]
[BlackElo "2450"]
[PlyCount "73"]
[EventDate "2018.09.08"]
[EventType "tourn"]
[EventRounds "9"]
[EventCountry "DEN"]
[EventCategory "6"]
[SourceTitle "CBM 186 Extra"]
[Source "ChessBase"]
[SourceDate "2018.08.24"]
[SourceVersion "1"]
[SourceVersionDate "2018.08.24"]
[SourceQuality "1"]

1. d4 e6 2. c4 Bb4+ 3. Bd2 a5 4. g3 d5 5. Nf3 dxc4 6. Bg2 b5 7. b3 cxb3 8. Qxb3 Bb7 9. Bxb4 Bd5 10. Qb2 axb4 11. Qxb4 c6 12. Nc3 Na6 13. Qb2 b4 14. Nxd5 cxd5 15. 0-0 Ne7 16. a3 Rb8 17. Ne5 0-0 18. Rfc1 bxa3 19. Qxa3 Nc7 20. e3 Nb5 21. Qa6 Nd6 22. h4 Rb6 23. Qa4 Rb7 24. Nd3 Rc7 25. Nc5 Nef5 26. Bh3 g6 27. Rcb1 Qe7 28. Rb6 h5 29. Qa6 Kg7 30. Rab1 Rfc8 31. Bxf5 Nxf5 32. Rb7 Nd6 33. Rxc7 Rxc7 34. Rb8 Ra7 35. Qb6 Qc7 36. Qxc7 Rxc7 37. Kg2 1/2-1/2

[Event "Aarhus Festuge"]
[Site "Aarhus"]
[Date "2018.09.11"]
[Round "4"]
[White "Gritsak, Orest"]
[Black "Skytte, Rasmus"]
[Result "1-0"]
[WhiteElo "2450"]
[BlackElo "2372"]
[PlyCount "51"]
[EventDate "2018.09.08"]
[EventType "tourn"]
[EventRounds "9"]
[EventCountry "DEN"]
[EventCategory "6"]
[SourceTitle "CBM 186 Extra"]
[Source "ChessBase"]
[SourceDate "2018.08.24"]
[SourceVersion "1"]
[SourceVersionDate "2018.08.24"]
[SourceQuality "1"]

1. c4 c6 2. d4 d5 3. cxd5 cxd5 4. Nc3 Nc6 5. Nf3 Nf6 6. Bf4 a6 7. e3 Bg4 8. h3 Bh5 9. g4 Bg6 10. Qb3 e6 11. Qxb7 Na5 12. Qc7 Qxc7 13. Bxc7 Bb4 14. Ne5 0-0 15. f3 Rfc8 16. Bxa5 Bxa5 17. Rc1 Bc7 18. h4 h5 19. Nxg6 fxg6 20. g5 Ne8 21. Bd3 Rab8 22. Na4 Bg3+ 23. Kd2 Nd6 24. Rxc8+ Rxc8 25. f4 Rf8 26. Nc3 1-0

[Event "Gothenburg Manhem-A"]
[Site "Gothenburg"]
[Date "2018.08.11"]
[Round "1"]
[White "Golubka, Petr"]
[Black "Gritsak, Orest"]
[Result "1-0"]
[WhiteElo "2478"]
[BlackElo "2464"]
[PlyCount "77"]
[EventDate "2018.08.11"]
[EventType "tourn"]
[EventRounds "9"]
[EventCountry "SWE"]
[EventCategory "8"]
[SourceTitle "CBM 186 Extra"]
[Source "ChessBase"]
[SourceDate "2018.08.24"]
[SourceVersion "1"]
[SourceVersionDate "2018.08.24"]
[SourceQuality "1"]

1. e4 e6 2. e5 d6 3. exd6 cxd6 4. d4 Nf6 5. Nf3 Be7 6. c4 0-0 7. Nc3 d5 8. Bd3 dxc4 9. Bxc4 a6 10. a4 b6 11. 0-0 Bb7 12. Qe2 Nc6 13. Rd1 Nb4 14. Bb3 Rc8 15. Bd2 Bxf3 16. Qxf3 Qd7 17. Bf4 Rfd8 18. h4 Qc6 19. Qe2 Qb7 20. h5 h6 21. Be5 a5 22. Rac1 Ne8 23. f4 Bd6 24. Nb5 Bxe5 25. fxe5 Rxc1 26. Rxc1 Rc8 27. Rf1 Qd7 28. Qe4 Rc6 29. Nc3 Nc7 30. Rf3 Ncd5 31. Rg3 f5 32. Qh4 Kf8 33. Rf3 Ne7 34. Qf2 Ke8 35. g4 Rc8 36. gxf5 Nxf5 37. Bxe6 Qxe6 38. Rxf5 Nd3 39. Qf3 1-0

[Event "Lund CellaVision Cup"]
[Site "Lund"]
[Date "2018.08.05"]
[Round "7"]
[White "Cramling, Pia"]
[Black "Gritsak, Orest"]
[Result "1-0"]
[WhiteElo "2453"]
[BlackElo "2464"]
[PlyCount "67"]
[EventDate "2018.08.03"]
[EventType "swiss"]
[EventRounds "8"]
[EventCountry "SWE"]
[SourceTitle "CBM 186 Extra"]
[Source "ChessBase"]
[SourceDate "2018.08.24"]
[SourceVersion "1"]
[SourceVersionDate "2018.08.24"]
[SourceQuality "1"]

1. Nf3 c5 2. c4 Nf6 3. Nc3 e6 4. g3 b6 5. Bg2 Bb7 6. 0-0 d6 7. d4 cxd4 8. Qxd4 a6 9. Rd1 Nbd7 10. Bg5 Be7 11. Qd2 0-0 12. Bf4 Ne8 13. Rac1 Rc8 14. b3 Rc7 15. Ne1 Bxg2 16. Nxg2 Rc6 17. e4 Nef6 18. Qe2 Re8 19. Ne1 Qa8 20. Nd3 Nc5 21. Nxc5 bxc5 22. Rd3 Rd8 23. Rcd1 Ne8 24. e5 dxe5 25. Rxd8 Bxd8 26. Bxe5 Nf6 27. Ne4 Be7 28. Nxf6+ gxf6 29. Bc3 Qb7 30. Qg4+ Kh8 31. Qh5 Kg8 32. Qh4 e5 33. Qg4+ Kf8 34. Bd2 1-0

[Event "Krakow-ch rapid"]
[Site "Krakow"]
[Date "2018.06.17"]
[Round "8"]
[White "Gritsak, Orest"]
[Black "Lach, Tomasz"]
[Result "1-0"]
[WhiteElo "2469"]
[BlackElo "1779"]
[PlyCount "77"]
[EventDate "2018.06.16"]
[EventType "swiss (rapid)"]
[EventRounds "9"]
[EventCountry "POL"]
[SourceTitle "CBM 184 Extra"]
[Source "ChessBase"]
[SourceDate "2018.06.28"]
[SourceVersion "1"]
[SourceVersionDate "2018.06.28"]
[SourceQuality "1"]

1. Nf3 d5 2. d4 Bf5 3. Bf4 Nf6 4. e3 e6 5. Bd3 Bg6 6. 0-0 Be7 7. c4 Bxd3 8. Qxd3 c6 9. Nbd2 0-0 10. Rfc1 Nbd7 11. h3 Rc8 12. a4 c5 13. b3 cxd4 14. exd4 Nb8 15. Bxb8 Rxb8 16. c5 b6 17. b4 bxc5 18. bxc5 Qc7 19. Rab1 Qa5 20. Qc2 Rfc8 21. Ne5 Rb4 22. Rxb4 Qxb4 23. Ndf3 Qb7 24. Rb1 Qc7 25. Rb5 Nd7 26. Nxd7 Qxd7 27. Ne5 Qe8 28. Rb7 a6 29. Qe2 a5 30. Qb5 Qxb5 31. axb5 f6 32. Nc6 Bf8 33. Ra7 e5 34. b6 exd4 35. b7 Rxc6 36. b8Q Rxc5 37. Ra8 h6 38. Qxf8+ Kh7 39. Qxc5 1-0

[Event "Rhein Main op-A 21st"]
[Site "Bad Homburg"]
[Date "2018.06.02"]
[Round "5"]
[White "Schmid, Roland1111"]
[Black "Gritsak, Orest"]
[Result "1/2-1/2"]
[WhiteElo "2276"]
[BlackElo "2469"]
[PlyCount "54"]
[EventDate "2018.05.30"]
[EventType "swiss"]
[EventRounds "7"]
[EventCountry "GER"]
[SourceTitle "EXT 2019"]
[Source "ChessBase"]
[SourceDate "2018.10.10"]
[SourceVersion "1"]
[SourceVersionDate "2018.10.10"]
[SourceQuality "1"]

1. c4 e5 2. e3 Nf6 3. Nc3 Bb4 4. Nge2 c6 5. d4 exd4 6. Qxd4 Qe7 7. a3 Ba5 8. Qh4 d5 9. cxd5 Nxd5 10. Qxe7+ Nxe7 11. Bd2 Bc7 12. Nd4 Nd7 13. Be2 Nb6 14. Rc1 Nf5 15. Nf3 Nd6 16. Nb5 Nxb5 17. Bxb5 Bg4 18. Be2 Rd8 19. h3 Be6 20. Bc3 f6 21. Bd4 Kf7 22. Nd2 Rhe8 23. b4 a6 24. Ne4 Bc8 25. Nc5 Re7 26. Rd1 Nd5 27. 0-0 Ke8 1/2-1/2

[Event "Rhein Main op-A 21st"]
[Site "Bad Homburg"]
[Date "2018.05.31"]
[Round "3"]
[White "Stork, Oliver"]
[Black "Gritsak, Orest"]
[Result "0-1"]
[WhiteElo "2157"]
[BlackElo "2469"]
[PlyCount "114"]
[EventDate "2018.05.30"]
[EventType "swiss"]
[EventRounds "7"]
[EventCountry "GER"]
[SourceTitle "EXT 2019"]
[Source "ChessBase"]
[SourceDate "2018.10.10"]
[SourceVersion "1"]
[SourceVersionDate "2018.10.10"]
[SourceQuality "1"]

1. c4 c5 2. g3 g6 3. Bg2 Bg7 4. Nc3 Nc6 5. e3 e6 6. Nge2 Nge7 7. 0-0 0-0 8. d4 cxd4 9. Nxd4 d5 10. cxd5 Nxd4 11. exd4 Nxd5 12. Nxd5 exd5 13. Be3 Be6 14. Qb3 Qb6 15. Rac1 Qxb3 16. axb3 Rfc8 17. Rc3 Rc6 18. Ra1 a6 19. Ra5 Rxc3 20. bxc3 b6 21. Ra2 a5 22. c4 Rd8 23. c5 bxc5 24. dxc5 Bc3 25. h4 d4 26. Bf4 d3 27. Bf3 Bxb3 28. Ra3 a4 29. c6 d2 30. c7 Rc8 31. Bd1 Ba5 32. Rxb3 axb3 33. Bxb3 Bxc7 34. Bxd2 Rb8 35. Bc4 Rb2 36. Be3 Bb6 37. Bxb6 Rxb6 38. Kg2 Kg7 39. Bd5 Rb5 40. Bc6 Rc5 41. Be4 f5 42. Bb1 Rc3 43. Ba2 Kf6 44. Bg8 Rc2 45. Kf3 h6 46. Ke3 Rc3+ 47. Kd2 Rc8 48. Ba2 Ke5 49. Kd3 g5 50. hxg5 hxg5 51. Bf7 Ra8 52. Ke3 Ra3+ 53. Ke2 Ke4 54. Be6 f4 55. gxf4 gxf4 56. f3+ Kd4 57. Bf7 Ra7 0-1

[Event "Rhein Main op-A 21st"]
[Site "Bad Homburg"]
[Date "2018.05.30"]
[Round "1"]
[White "Hinrichs, Niklas"]
[Black "Gritsak, Orest"]
[Result "0-1"]
[WhiteElo "2000"]
[BlackElo "2469"]
[PlyCount "72"]
[EventDate "2018.05.30"]
[EventType "swiss"]
[EventRounds "7"]
[EventCountry "GER"]
[SourceTitle "EXT 2019"]
[Source "ChessBase"]
[SourceDate "2018.10.10"]
[SourceVersion "1"]
[SourceVersionDate "2018.10.10"]
[SourceQuality "1"]

1. d4 Nf6 2. c4 Nc6 3. Nf3 e6 4. g3 Bb4+ 5. Bd2 Qe7 6. Bg2 Bxd2+ 7. Qxd2 Ne4 8. Qc2 Qb4+ 9. Nbd2 Nxd2 10. Qxd2 Qxc4 11. a3 d5 12. 0-0 0-0 13. Rfc1 Qb3 14. Rc3 Qb6 15. Rd1 Ne7 16. Qc2 f6 17. g4 c6 18. g5 Ng6 19. gxf6 gxf6 20. e4 Qc7 21. Kh1 Kh8 22. Rg1 Qf4 23. Ne1 dxe4 24. Bxe4 f5 25. Bg2 Qxd4 26. Rh3 Qf6 27. Rh6 Kg7 28. Qc1 e5 29. Nf3 f4 30. Rh5 Bg4 31. Rg5 Bf5 32. h4 Kh8 33. Qc5 Nxh4 34. Nxh4 Qxg5 35. Qxe5+ Qf6 36. Qxf4 Rae8 0-1

[Event "Lutsk Nebesna Sotnya Memorial rap"]
[Site "Lutsk"]
[Date "2018.02.17"]
[Round "3"]
[White "Gritsak, Orest"]
[Black "Buksa, Nataliya"]
[Result "1/2-1/2"]
[WhiteElo "2469"]
[BlackElo "2357"]
[PlyCount "35"]
[EventDate "2018.02.17"]
[EventType "swiss (rapid)"]
[EventRounds "11"]
[EventCountry "UKR"]
[SourceTitle "CBM 182 Extra"]
[Source "ChessBase"]
[SourceDate "2018.02.23"]
[SourceVersion "1"]
[SourceVersionDate "2018.02.23"]
[SourceQuality "1"]

1. Nf3 d5 2. d4 Nf6 3. c4 e6 4. Bg5 a6 5. Nbd2 h6 6. Bh4 dxc4 7. Bxf6 Qxf6 8. Nxc4 Bb4+ 9. Ncd2 c5 10. a3 Ba5 11. Qc2 Bxd2+ 12. Qxd2 cxd4 13. Qxd4 Qxd4 14. Nxd4 e5 15. Nb3 Be6 16. Nc5 Bd5 17. e4 Bc6 18. f3 1/2-1/2

[Event "Lutsk Nebesna Sotnya Memorial rap"]
[Site "Lutsk"]
[Date "2018.02.17"]
[Round "1"]
[White "Gritsak, Orest"]
[Black "Ileniak, Vasil"]
[Result "1-0"]
[WhiteElo "2469"]
[BlackElo "1745"]
[PlyCount "75"]
[EventDate "2018.02.17"]
[EventType "swiss (rapid)"]
[EventRounds "11"]
[EventCountry "UKR"]
[SourceTitle "CBM 182 Extra"]
[Source "ChessBase"]
[SourceDate "2018.02.23"]
[SourceVersion "1"]
[SourceVersionDate "2018.02.23"]
[SourceQuality "1"]

1. Nf3 Nf6 2. c4 c5 3. g3 g6 4. Bg2 Bg7 5. d4 cxd4 6. Nxd4 0-0 7. Nc3 Nc6 8. 0-0 a6 9. c5 Ne8 10. Nxc6 bxc6 11. Bxc6 Rb8 12. Bg2 Bb7 13. Bxb7 Rxb7 14. Qa4 Nc7 15. Rd1 Ne6 16. c6 Rc7 17. cxd7 Nc5 18. Qa3 Bxc3 19. bxc3 Nxd7 20. Bh6 Re8 21. Qxa6 Qc8 22. Qxc8 Rexc8 23. a4 Nb8 24. a5 Na6 25. Bd2 f6 26. Rdb1 Kf7 27. Rb6 Rc6 28. f3 h5 29. Kf2 Rd6 30. Rxd6 exd6 31. Ke1 Rc6 32. Kd1 d5 33. Be1 Ke6 34. Ra3 g5 35. h3 f5 36. Bf2 Rc8 37. Rb3 Ke5 38. Rb6 1-0

[Event "Hoogeveen op 21st"]
[Site "Hoogeveen"]
[Date "2017.10.25"]
[Round "6"]
[White "Gritsak, Orest"]
[Black "Kuljasevic, Davorin"]
[Result "1/2-1/2"]
[WhiteElo "2468"]
[BlackElo "2549"]
[PlyCount "52"]
[EventDate "2017.10.21"]
[EventType "swiss"]
[EventRounds "9"]
[EventCountry "NED"]
[SourceTitle "CBM 181 Extra"]
[Source "ChessBase"]
[SourceDate "2017.12.12"]
[SourceVersion "1"]
[SourceVersionDate "2017.12.12"]
[SourceQuality "1"]

1. Nf3 d5 2. d4 Nf6 3. c4 e6 4. Nc3 Bb4 5. cxd5 exd5 6. Bg5 h6 7. Bxf6 Qxf6 8. Qa4+ Nc6 9. e3 0-0 10. Be2 Be6 11. 0-0 a6 12. Rfc1 Bd6 13. Qd1 Ne7 14. Na4 b6 15. a3 g5 16. b4 Qg7 17. Nb2 f5 18. Nd3 Ng6 19. Nfe5 f4 20. Nxg6 Qxg6 21. exf4 Qe4 22. fxg5 Qxd4 23. g3 hxg5 24. Ra2 Rf7 25. Rd2 Qe4 26. Bf1 Qf5 1/2-1/2